000 00825nam a22002297a 4500
999 _c102152
_d102152
010 _a1617EN ENG-115720 ENG-137041
020 _a9780140190793
_c499.00
035 _aB-648107-120
035 _aEN-99252
035 _aEN-120573
037 _bPancy Books
037 _bDBAD/PUB
082 _a230.6095413
100 _aEck,Diana L.
245 _aBanaras city of light/
_cby Diana L.Eck
260 _aGurgaon
_bPenguin Books
_c2015
270 _b7th Floor Infinity Tower C, DLF Cyber City
_eGurgaon ( Haryana)
_k122002
300 _axvi,427p.
_c22cm(pbk)
500 _aInclude index
942 _2ddc
_cEN
_h230.6095413
_mECK